Active Volcanoes in the Philippines - Statistics

General Stats
  • This quiz has been taken 27 times
  • The average score is 6 of 24
Answer Stats
Hint Answer % Correct
Luzon Mayon
95%
Luzon Pinatubo
90%
Luzon Taal
90%
Visayas Kanlaon
43%
Mindanao Hibok-hibok
24%
Luzon Banahaw
19%
Luzon Babuyan Claro
14%
Visayas Biliran
14%
Luzon Bulusan
14%
Luzon Camiguin de Babuyanes
14%
Luzon Iriga
14%
Mindanao Ragang
14%
Mindanao Bud Dajo
10%
Visayas Cabalian
10%
Luzon Cagua
10%
Luzon Didicas
10%
Luzon Iraya
10%
Luzon Isarog
10%
Mindanao Matutum
10%
Mindanao Musuan
10%
Mindanao Parker
10%
Luzon Smith
10%
Mindanao Leonard Kniaseff
5%
Mindanao Makaturing
5%
No matching quizzes found
Score Distribution
Percent of People with Each Score
Percentile by Number Answered
Your Score History
You have not taken this quiz